000 00398nam a2200169Ia 4500
001 13048
003 IN-NITTTR
005 20251114233122.0
008 251113s9999||||xx |||||||||||||| ||eng||
040 _beng
040 _cIN-NITTTR
041 _aeng
082 _a005.136 B234C
100 _aBarbier, Ken
245 0 _aCP/M :
_b assembly language programming /
_cBarbier, Ken
942 _2ddc
_cBK
999 _c15684
_d15684